000 00355 a2200157 4500
001 153567
020 _a8503003414
040 _cEscola São Tomás de Aquino
100 _aREGO, José Lins do
240 1 0 _aMenino de engenho
_lpor
245 1 0 _aMenino de engenho
300 _a158
362 0 _a2006
697 _aLITERATURA BRASILEIRA
942 _cBK
999 _c153567
_d153567